Normal view MARC view

Entry Topical Term

Number of records used in: 1

001 - CONTROL NUMBER

  • control field: 624392

003 - CONTROL NUMBER IDENTIFIER

  • control field: OSt

005 - DATE AND TIME OF LATEST TRANSACTION

  • control field: 20221005112651.0

008 - FIXED-LENGTH DATA ELEMENTS

  • fixed length control field: 221005|| aca||aabn | a|a d

040 ## - CATALOGING SOURCE

  • Original cataloging agency: OSt
  • Transcribing agency: OSt

150 ## - HEADING--TOPICAL TERM

  • Topical term or geographic name entry element: ਅਜੀਤ ਕੌਰ ਆਲੋਚਨਾ

670 ## - SOURCE DATA FOUND

  • Source citation: Work cat.: (OSt)1025593: ਦੁੱਗਲ, ਨਵਨੀਤ ਕੌਰ, ਅਜੀਤ ਕੌਰ ਦੀਆਂ ਗਲਪੀ ੑ ਰਚਨਾਵਾਂ ਦੀ ਨਾਰੀਵਾਦੀ ੑ ਆਲੋਚਨਾ, 2009
Copyright @ Delhi University Library System